000 00505nam a2200097Ia 4500
008 170517s9999 xx 000 0 und d
245 _aWar on Health
300 _aFrom the authors: War on Health is the first documentary detailing and challenging the FDA agenda and its allegiance with the international Codex Alimentarius, which hopes to establish a monolithic food and health regime. Betraying its founding mandate to...
650 _xTechnology.
856 _uhttp://topdocumentaryfilms.com/war-on-health/
999 _c335141
_d335141